Essential of management/ (Record no. 195726)

MARC details
000 -LEADER
fixed length control field 00577nam a22001937a 4500
005 - DATE AND TIME OF LATEST TRANSACTION
control field 20230419103424.0
010 ## - LCCN (DPL NO)
LC control number ENG-136726
020 ## - INTERNATIONAL STANDARD BOOK NUMBER
International Standard Book Number 9789385640308
Terms of availability 160.00
035 ## - SYSTEM CONTROL NUMBER
System control number EN-120258
037 ## - SOURCE OF ACQUISITION
Source of stock number/acquisition DBAD/PUB
082 ## - DEWEY DECIMAL CLASSIFICATION NUMBER
Classification number 658
100 ## - MAIN ENTRY--PERSONAL NAME
Personal name Ponnaiah, V.M.
245 00 - TITLE STATEMENT
Title Essential of management/
Statement of responsibility, etc by V.M. Ponnaiah
250 ## - EDITION STATEMENT
Edition statement 1st ed.
260 ## - PUBLICATION, DISTRIBUTION, ETC. (IMPRINT)
Place of publication, distribution, etc Banglore
Name of publisher, distributor, etc Archers & Elevators publishing house
Date of publication, distribution, etc 2016
270 ## - ADDRESS
Address 131 AGB Layout 6th cross Hesaraghatta main road
City Banglore
Postal code 560090
300 ## - PHYSICAL DESCRIPTION
Extent 106p.;
Dimensions 28cm(pbk)
942 ## - ADDED ENTRY ELEMENTS (KOHA)
Source of classification or shelving scheme Dewey Decimal Classification
Item type English Books
Call number suffix PON
Classification part 658

No items available.


© Delhi Public Library
Hit Counter
free hit counter